000 00396nam a22001337a 4500
005 20250721183026.0
008 250721b |||||||| |||| 00| 0 eng d
050 _aBS2825
_b.3 RIN
100 _aKINCHELOE RAYMONO MCFARLAND
245 _aA PERSONAL ADVENTURE IN PROPHECY;
_bUNDERSTANDING REVELATION
260 _aWHEATON
_bTYNDALE HOUSE PUBLISHERS
_cc1974
300 _aviii,214p
942 _2lcc
_cBK
_n0
999 _c7083
_d7083